000 00797nam a2200277Ia 4500
001 Para_7691
003 CHAP
008 220125s1975 xx 000 0 und d
010 _a206710
040 _cCHAP
082 _aPA 632.9 W38
100 _aWatson, Theo F.
_9121214
245 _aPractical insect pest management :
_b A self instruction manual /
_c by Theo F. Watson, Leon Moore and Geroge W. Ware
260 _aSan Francisco, Cal. :
_b W. H. Freeman
300 _a196 p.
650 0 _aControl de plagas
_9173016
700 _aMoore, Leon
_978081
700 _aWare, George W.
_9165596
901 _aPA 632.9 W38
902 _aA
905 _a0000001975 0000000000 00
910 _a1975
942 _cPARA
942 _cPARA
_d1
999 _c206710
_d206710